La Escuela Elemental del Trabajo, de Barcelona : un centro de formación profesional sin precedentes / un centro de formación profesional sin precedentes /
Descripción Física:
Il·lustracions
Colección:
San Jorge,
; núm. 5 (gener 1952), pàg. 20-23
Idioma:
Español
MARC
| LEADER | 00000naa a2200000 a 4500 | ||
|---|---|---|---|
| 003 | Arxiu | ||
| 005 | 20260324181034.0 | ||
| 008 | 160829s1952 spca x s spa c | ||
| 040 | |a agdb | ||
| 100 | 0 | |a M. S. |9 29760 | |
| 245 | 1 | 3 | |a La Escuela Elemental del Trabajo, de Barcelona : |b un centro de formación profesional sin precedentes / |c M. S. |
| 300 | |b Il·lustracions | ||
| 490 | |a San Jorge, |v núm. 5 (gener 1952), pàg. 20-23 | ||
| 590 | |a Inclou 10 fotografies | ||
| 610 | 2 | 0 | |a Escola del Treball (Barcelona, Catalunya) |9 54586 |
| 773 | |t San Jorge. |g Núm. 5 (gener 1952), pàg. 20-23 | ||
| 901 | |a Arxiu | ||
| 942 | |n 1 |2 udc |c ART | ||
| 952 | |0 0 |1 0 |4 0 |6 REV508 |7 1 |9 64602 |a Arxiu |b Arxiu |d 2022-12-02 |l 0 |o Rev-508 |r 2022-12-02 00:00:00 |w 2022-12-02 |y ARXIU |z També disponible a Rev-521 | ||
| 999 | |c 48134 |d 48134 | ||